000 01287namaa22003371i 4500
003 EG-GICUC
005 20260118104640.0
008 260118s1991 ua ||||jr|||| 000 0 ara d
017 _a1991 / 8084
_bدار الكتب والوثائق القومية (مصر)
020 _a9775241022
040 _aEG-GiCUC
_bara
_cEG-GiCUC
_dEG-GiCUC
_erda
043 _af-ua---
082 0 4 _221
_a411.5
_bS538
092 0 4 _221
_a411.5
_bS538
099 _a411.5 S538
100 1 _aالشيخ، عبد الواحد حسن
_eمؤلف.
245 1 2 _aالتنافر الصوتى والظاهر السياقية /
_cدكتور عبد الواحد حسن الشيخ
250 _aالطبعة الاولى
264 _aالاسكندرية (مصر) :
_bمكتبة ومطبعة الاشعاع،
_c1991.
300 _a67 صفحة ؛
_c24 سم
336 _2rdacontent
_atext
337 _2rdamedia
_aUnmediated
338 _2rdacarrier
_avolume
504 _aيشتمل على ارجاعات ببليوجرافية.
541 _aد. جابر عصفور ؛
_bالقاهرة ؛
_cإهداء ؛
_d2024.
650 1 7 _aالاصوات اللغوية العربية
_2qrmak
650 1 7 _aاللغة العربية
_xألفاظ
_2qrmak
651 1 _2qrmak
905 _aNermeen
942 _2ddc
_cBK
_e21
_n0
999 _c177788
_d177788